000 00473cam a2200157 4500500
005 20260405001731.0
041 _afre
042 _adc
100 1 0 _aGoron, Gaëtan
_eauthor
245 0 0 _aMots croisés #1
260 _c2014.
500 _a67
690 _aMots croisés
786 0 _nPhilosophie magazine | 78 | 4 | 2014-04-01 | p. 81-81 | 1951-1787
856 4 1 _uhttps://shs.cairn.info/magazine-philosophie-magazine-2014-4-page-81?lang=fr&redirect-ssocas=7080
999 _c2050543
_d2050543